Surgery on call / (Record no. 10260)

MARC details
000 -LEADER
fixed length control field 00743nam a22002292 4500
001 - CONTROL NUMBER
control field 0000024407
005 - DATE AND TIME OF LATEST TRANSACTION
control field 20151217152301.0
008 - FIXED-LENGTH DATA ELEMENTS--GENERAL INFORMATION
fixed length control field 130911s xx 000 0 eng d
020 ## - INTERNATIONAL STANDARD BOOK NUMBER
International Standard Book Number 0071402543 :
040 ## - CATALOGING SOURCE
Original cataloging agency KABU
Transcribing agency KABU
245 10 - TITLE STATEMENT
Title Surgery on call /
Statement of responsibility, etc. edited by Alan T. Lefor, Leonard G. Gomella.
250 ## - EDITION STATEMENT
Edition statement 4th ed.
260 ## - PUBLICATION, DISTRIBUTION, ETC. (IMPRINT)
Place of publication, distribution, etc. New York :
Name of publisher, distributor, etc. Lange Medical,
Date of publication, distribution, etc. 2006.
300 ## - PHYSICAL DESCRIPTION
Extent xv, 566 p.
650 #0 - SUBJECT ADDED ENTRY--TOPICAL TERM
Topical term or geographic name as entry element Surgicall emergencies
Form subdivision Handbooks, manuals, etc.
-- 0000184492
650 #0 - SUBJECT ADDED ENTRY--TOPICAL TERM
Topical term or geographic name as entry element Emergencies
Form subdivision Handbooks, manuals, etc.
-- 0000184493
700 1# - ADDED ENTRY--PERSONAL NAME
Personal name Lefor, Alan T.
-- 0000184494
700 1# - ADDED ENTRY--PERSONAL NAME
Personal name Gomella, Leonard G.
-- 0000184495
852 1# - LOCATION
-- p4025 KES
908 ## - PUT COMMAND PARAMETER (RLIN)
Put command parameter 130911
950 ## - LOCAL HOLDINGS (RLIN)
-- 1
Holdings
Withdrawn status Lost status Source of classification or shelving scheme Not for loan Home library Current library Date acquired Total Checkouts Total Renewals Full call number Barcode Date last seen Date last checked out Price effective from Koha item type
    Library of Congress Classification   Kabarak, Main Campus Kabarak, Main Campus 17/12/2015 11 2 RD93 .S87 2006 c. 1 016156 05/02/2021 21/01/2021 17/12/2015 General Collection
Designed with assistance from East African Informatics Ltd